000 00568nam a22001457a 4500
005 20150511152833.0
008 150511b xxu||||| |||| 00| 0 eng d
020 _a9781629289212
050 _aPE 1408.ELA8 C734.IPG 2015
110 _aCommon Core Coach
245 _aCommon core suite : implementation and pacing guide : english language arts 8
260 _aNew York
_bTriumph Learning
_c2015
300 _aii, xvi, 33 pages.,
_bcolor illustrations.,
_c; 21 x 27 cm.
_eTeacher's Guide
942 _2lcc
_cBK
_hPE 1408.ELA8 C734.IPG 2015
999 _c283959
_d283959